Szczegóły MARC21

Organizacja i eksploatacja portów morskich : zarządzanie, organizacja, eksploatacja /

005 -DATA I CZAS OSTATNIEJ MODYFIKACJI [,]
    • @
    • pole kontrolne
    • 20070315155141.9
020 -Międzynarod. znormalizowany nr książki - ISBN [ , ]
    • a
    • Numer ISBN
    • 8370178669 Find
040 -Instytucja sporządzająca opis [ , ]
    • a
    • Instytucja, która sporządziła opis (NP)
    • SZCZ U
    • c
    • Instytucja, która sporządziła rekord (NP)
    • SZCZ U
041 -Język dokumentu [0, ]
    • a
    • Język tekstu (P)
    • polski
    • h
    • Język tekstu oryginalnego i/lub pośredniego (P)
    • polski
942 -Rodzaj dokumentu [ , ]
    • c
    • Rodzaj dokumentu
    • Książka
100 -Hasło główne - nazwa osobowa [ , ]
    • a
    • Nazwa osobowa (NP)
    • MISZTAL KONRAD
245 -Strefa tytułu i oznaczenia odpowiedzialności [1, ]
    • a
    • Tytuł
    • Organizacja i eksploatacja portów morskich : Find
    • b
    • Ciąg dalszy tytułu (NP)
    • zarządzanie, organizacja, eksploatacja / Find
260 -Strefa adresu wydawniczego [ , ]
    • a
    • Miejsce wydania (P)
    • Gdańsk :
    • b
    • Nazwa wydawcy (P)
    • Wydaw.Uniw.Gdańskiego,
    • c
    • Data wydania (P)
    • 1999.
300 -Strefa opisu fizycznego [ , ]
    • a
    • Określenie formy książki i/lub objętość (NP)
    • 216 s. :
    • b
    • Oznaczenie ilustracji (NP)
    • wykr. :
    • c
    • Format (NP)
    • 24 cm.
500 -Uwaga ogólna [ , ]
    • a
    • Uwaga ogólna (NP)
    • Bibliogr
080 -Uniwersalna Klasyfikacja Dziesiętna [ , ]
    • a
    • Symbol klasyfikacji
    • 656.61(075.8)
080 -Uniwersalna Klasyfikacja Dziesiętna [ , ]
    • a
    • Symbol klasyfikacji
    • :627.2/.3(075.8)
980 -Symbol UKD [ , ]
    • a
    • UKD
    • 656.61:627.2/.3](075.8)
700 -Hasło dodatkowe - nazwa osobowa [ , ]
    • a
    • Nazwa osobowa (NP)
    • Szwankowski Stanisław Find
920 -ISBN [ , ]
    • a
    • ISBN
    • 83-7017-866-9 Find
Lokalizacja Data inwentaryzacji Sygnatura Numer inwentarzowy Status udost.
T1999-10-06 T.10572
T1999-10-06T.1058T.1058-2
T1999-10-06T.1059T.1059-3
T1999-10-06T.1060T.1060-3
T1999-10-06T.1061T.1061-3
T1999-10-06 T.1062-3
T1999-10-06T.1063T.1063-3
T1999-10-06T.1064T.1064-3
T1999-10-06T.1065T.1065-3
T1999-10-06T.1066T.1066-3
T1999-10-06T.1067T.1067-3
T1999-10-06 T.1068-3
T1999-10-06 T.1069-3
T1999-10-06T.1070T.1070-3
T1999-10-06T.1071T.1071-3
T1999-10-06T.1072T.1072-3
T1999-10-06T.1073T.1073-3
T1999-10-06T.1074T.1074-3
T1999-10-06T.1075T.1075-3
T1999-10-06T.1076T.1076-3